| 000 | nam a22 7a 4500 | ||
|---|---|---|---|
| 999 |
_c153873 _d153871 |
||
| 005 | 20200127084226.0 | ||
| 008 | 200127b ag ||||| |||| 00| 0 spa d | ||
| 050 | 0 | 4 |
_aK3255 _bI54 2002 |
| 110 | 1 | _aAsociación iberoamericana de derecho de la información y la comunicación | |
| 245 | 1 | 0 |
_aInforme sobre el estado de los derechos de la información y de la comunicación en el año 2003 en Argentina, Bolivia, Chile, Colombia, Costa Rica, Ecuador, México, Paraguay, Perú, Uruguay y Venezuela _c/ Asociación iberoamericana de derecho de la información y la comunicación |
| 250 | _a1a ed. | ||
| 260 |
_aBuenos Aires, Argentina : _bLernet, _c2002 |
||
| 300 |
_a189 p. ; _c21 cm. |
||
| 650 | 7 |
_2lemb _aLibertad de Expresión |
|
| 651 | 4 |
_aArgentina _xLibertad de expresión |
|
| 651 | 4 |
_aBolivia _xlibertad de expresión |
|
| 651 | 4 |
_aChile _xlibertad de expresión |
|
| 651 | 4 |
_aColombia _xlibertad de expresión |
|
| 651 | 4 |
_aCosta Rica _xlibertad de expresión |
|
| 651 | 4 |
_aEcuador _xlibertad de expresión |
|
| 651 | 4 |
_aMéxico _xlibertad de expresión |
|
| 651 | 4 |
_aParaguay _xlibertad de expresión |
|
| 651 | 4 |
_aUruguay _xlibertad de expresión |
|
| 651 | 4 |
_aVenezuela _xlibertad de expresión |
|
| 942 |
_2lcc _cLIB |
||